00664nam a2200229Ia 450000100060000000300090000600800410001504000130005604000130006904100130008210000200009510000290011524500740014424500240021825000110024226000090025326000130026226000490027530000550032465000240037965000310040321997IT-RoPAU130308s9999 xx 000 0 und d aIT-RoPAU cIT-RoPAU aITALIANO aSobrero Alberto gCodice Aut. SPICS: 1160 aPer una ricerca sociolinguistica su comunità€ alloglotte del Salento bMessaggi e Ambiente a1a ed. aROMA bOfficina c1977 [1° Ed.:1977 - Ed.Ling.Originale:1977] a"8 p. (prefazione: no ; testo: 8 [pagine: 69-76])" aSAGGI DI SOCIOLOGIA eCodice materia Spics: 3657